| 000 | 01510nam2a22003611 4500 | ||
|---|---|---|---|
| 001 | v19\rc\1999877 | ||
| 005 | 20251118181300.7 | ||
| 035 | _a(NLR Aleph) 005075591 | ||
| 090 |
_a7141662 _c7141662 |
||
| 100 | _a20080811d1915 u y0rusy50 ca | ||
| 101 | 0 | _arus | |
| 102 | _aRU | ||
| 105 | _aach z ||||| | ||
| 200 | 1 | _aРевизор | |
| 215 | _a[8], XII, 377 с., 4 л. портр., факс., ил. | ||
| 316 |
_aЭкз. РНБ (37.16.8.1): деф.: отсутствует 2 л. ил. _5NLR: 37.16.8.1 |
||
| 461 | 0 |
_1001v19\rc\1999871 _12001#$aСочинения Н.В. Гоголя$fПод ред., [с предисл., вступ. ст. и примеч.] В.В. Каллаша$vТ. 6 _1700#1$aГоголь$bН.В.$f1809-1852$gНиколай Васильевич$3RU\NLR\AUTH\773480$7ca _95995144 _aГоголь, Н. В. (1809-1852) _c[Петроград] _d[1915] _fПод ред., [с предисл., вступ. ст. и примеч.] В.В. Каллаша. Т. 1-10 _nБрокгауз-Ефрон _p10 т. _tСочинения Н.В. Гоголя _vТ. 6 |
|
| 801 | 0 |
_aRU _bNLR _gpsbo |
|
| 801 | 0 |
_aRU _bRuMoRGB _2psbo |
|
| 801 | 1 |
_aRU _bProSoft-M _2rusmarc |
|
| 852 |
_aNLR _j37.16.8.1(6) |
||
| 852 |
_aNLR _j130/2765(6) |
||
| 899 |
_aRuMoRGB _jB 61/17 |
||
| 899 | _aБАН | ||
| 899 | _aНБ СПбГУ | ||
| 899 | _aГПИБ | ||
| 899 | _aНБ МГУ | ||
| 899 |
_aRuMoRGB _jZ 79/11 |
||
| 899 |
_aRuMoRGB _jV 73/436 |
||
| 899 |
_aRuMoRGB _jКл 24/42 |
||
| 942 | _cBOOK | ||
| 980 | _aNB | ||